Marketing research
| Main Author: | |
|---|---|
| Format: | Book |
| Published: |
London :
McGraw Hill ,
1992
|
| Edition: | 4th ed |
| Series: | The McGraw-Hill Marketing Series
|
| Subjects: |
MARC
| LEADER | 00000cam a2200000 7i4500 | ||
|---|---|---|---|
| 001 | 0000004286 | ||
| 002 | 000004607 | ||
| 005 | 20000330.0 | ||
| 020 | |a 0071125744 | ||
| 090 | 0 | 0 | |a 658.83 |b CHI |
| 100 | 1 | |a Chisnall, Peter M | |
| 245 | 1 | 0 | |a Marketing research |c Peter M.Chisnall |
| 250 | |a 4th ed | ||
| 260 | |a London : |b McGraw Hill , |c 1992 | ||
| 300 | |a 384p. ; |c 24cm. | ||
| 490 | 0 | |a The McGraw-Hill Marketing Series | |
| 650 | 0 | 0 | |a Marketing research |
| 999 | |a 029331 |b BUKU |c PINJAMAN |e PERPUSTAKAAN KOMUNITI PETALING JAYA | ||
| 999 | |a 029332 |b BUKU |c PINJAMAN |e PERPUSTAKAAN KOMUNITI PETALING JAYA | ||